[Event "Rome Steinitz op 1st"]
[Site "Rome"]
[Date "2002.07.07"]
[Round "5"]
[White "Ermacora, Ilario"]
[Black "Romagnoli, Moreno"]
[Result "1/2-1/2"]
[WhiteElo "1600"]
[BlackElo "1582"]
[PlyCount "130"]
[EventDate "2002.07.05"]
[EventType "swiss"]
[EventRounds "5"]
[EventCountry "ITA"]
[SourceTitle "EXT 2007"]
[Source "ChessBase"]
[SourceDate "2006.11.23"]
[SourceVersion "1"]
[SourceVersionDate "2006.11.23"]
[SourceQuality "1"]

1. e4 e5 2. Bc4 Nf6 3. Nf3 Nxe4 4. Nc3 Nxc3 5. dxc3 f6 6. 0-0 d6 7. Nh4 g6 8. f4 f5 9. Nf3 e4 10. Ng5 d5 11. Bxd5 Bc5+ 12. Kh1 Rf8 13. Nxh7 Rh8 14. Ng5 Rf8 15. Bf7+ Rxf7 16. Qxd8+ Kxd8 17. Nxf7+ Ke7 18. Ne5 Be6 19. Nxg6+ Kf7 20. Ne5+ Kf6 21. b4 Bd6 22. Bb2 Na6 23. a3 c5 24. Rfd1 Be7 25. b5 Nc7 26. c4 Rg8 27. Ng4+ Kg6 28. Ne3 Kf7 29. a4 Bh4 30. Rd2 Be7 31. Be5 Ne8 32. a5 Nf6 33. h3 Rg3 34. Nd5 e3 35. Rd3 Ne4 36. Kg1 Bh4 37. Re1 Rxg2+ 38. Kxg2 Bxe1 39. Nxe3 Bxa5 40. h4 Kg6 41. Nd5 Kh5 42. Rh3 Be1 43. Nf6+ Nxf6 44. Bxf6 Bxc4 45. Re3 Bxh4 46. Rh3 Bd5+ 47. Kh2 Kg6 48. Bxh4 Bc4 49. Rg3+ Kf7 50. Rc3 Bxb5 51. Rxc5 Bd7 52. Rc7 Ke8 53. Rxb7 a5 54. Ra7 a4 55. Bf6 Bc6 56. c4 Bd7 57. c5 Bc6 58. Kg3 Bd7 59. Rxd7 Kxd7 60. Kh4 Kc6 61. Kg5 Kxc5 62. Kxf5 Kd5 63. Ba1 a3 64. Kf6 a2 65. Kf7 Ke4 1/2-1/2